Assessing patient knowledge regarding teratogenic risks of methotrexate: experience from Mohamed V Military Instruction Hospital in Rabat (notice n° 1534040)
[ vue normale ]
| 000 -LEADER | |
|---|---|
| fixed length control field | 00782cam a2200205 4500500 |
| 005 - DATE AND TIME OF LATEST TRANSACTION | |
| control field | 20251012020102.0 |
| 041 ## - LANGUAGE CODE | |
| Language code of text/sound track or separate title | fre |
| 042 ## - AUTHENTICATION CODE | |
| Authentication code | dc |
| 100 10 - MAIN ENTRY--PERSONAL NAME | |
| Personal name | Talhik, Daoud |
| Relator term | author |
| 245 00 - TITLE STATEMENT | |
| Title | Assessing patient knowledge regarding teratogenic risks of methotrexate: experience from Mohamed V Military Instruction Hospital in Rabat |
| 260 ## - PUBLICATION, DISTRIBUTION, ETC. | |
| Date of publication, distribution, etc. | 2025.<br/> |
| 500 ## - GENERAL NOTE | |
| General note | 79 |
| 700 10 - ADDED ENTRY--PERSONAL NAME | |
| Personal name | Zhar, Hajar |
| Relator term | author |
| 700 10 - ADDED ENTRY--PERSONAL NAME | |
| Personal name | Adouani, Badr |
| Relator term | author |
| 700 10 - ADDED ENTRY--PERSONAL NAME | |
| Personal name | Tadlaoui, Yasmina |
| Relator term | author |
| 700 10 - ADDED ENTRY--PERSONAL NAME | |
| Personal name | Lamsaouri, Jamal |
| Relator term | author |
| 700 10 - ADDED ENTRY--PERSONAL NAME | |
| Personal name | Bousliman, Yassir |
| Relator term | author |
| 786 0# - DATA SOURCE ENTRY | |
| Note | Journal de Pharmacie Clinique | 44 | 2 | 2025-06-13 | p. 69-76 | 0291-1981 |
| 856 41 - ELECTRONIC LOCATION AND ACCESS | |
| Uniform Resource Identifier | <a href="https://shs.cairn.info/revue-journal-de-pharmacie-clinique-2025-2-page-69?lang=fr&redirect-ssocas=7080">https://shs.cairn.info/revue-journal-de-pharmacie-clinique-2025-2-page-69?lang=fr&redirect-ssocas=7080</a> |
Pas d'exemplaire disponible.




Réseaux sociaux